00870nam a2200217 a 4500001001000000003000400010005001700014008004100031040002500072082001800097110005600115245009400171260006700265300002000332610006100352650005600413910003900469942001400508952011300522999001700635000025197OSt20201125102745.0110211s19uu dr r 000 0 spa d aDO-SdBNPbspacBNPHU 4a340.06bA837e2 aAsociación de Abogados de Ciudad Trujillo 97740500aEstatutos y decreto de incorporación de la asociación de abogados de Cuidad Trujillo. aCiudad Trujillo, República Dominicana : :bABC-Moya,c[19--? a20 p. ;c24 cm. aAsociación de Abogados zRepública Dominicana977417 4aColegios de abogadoszRepública Dominicana977406 aValidado. Control de calidad MFFF 2ddccLBS1 00102ddc718PDaPDbPDcCTd2011-02-11iLF1l0o340.06 A837ep25197-10r2020-06-25w2020-06-25yLFPD c24690d24690